Statistics for Every NBA Teams Best Head Coach Ever

Click here to take the quiz!

General Stats

  • This quiz has been taken 19 times
    (14 since last reset)
  • The average score is 12 of 30

Answer Stats

TeamPlayer% Correct
SASGregg Popovich
85%
MIAPat Riley
85%
CHIPhil Jackson
85%
LALPhil Jackson
85%
GSWSteve Kerr
85%
LACDoc Rivers
77%
BOSRed Auerbach
62%
INDLarry Bird
54%
DALRick Carlisle
54%
HOURudy Tomjanovich
54%
DETChuck Daly
46%
UTAJerry Sloan
46%
PHILarry Brown
46%
OKLLenny Wilkens
46%
DENMike Malone
31%
CLETyronn Lue
31%
MINFlip Saunders
23%
PHOMike D'Antoni
23%
TORNick Nurse
23%
SACRick Adelman
23%
NOPByron Scott
15%
WASDick Motta
15%
PORJack Ramsay
15%
MILLarry Costello
15%
NYKRed Holzman
15%
ORLStan Van Gundy
15%
CHAPaul Silas
8%
ATLAlex Hannum
0%
BKNKevin Loughery
0%
MEMLionel Hollins
0%

Score Distribution

Percentile by Number Answered

Percent of People with Each Score

Your Score History

You have not taken this quiz since the last reset